000 01404naa a22003377a 4500
001 BR9211978
003 BR-BrBNA
005 20250721155422.0
007 ta
008 250630b bl.|||m| |||| 00| 0 por d
040 _aBR-BrBNA
_bpor
_cBiblioteca Nacional de Agricultura
041 _a(Pt)
072 _aF30
_b0180
_bG514
090 _aF30 BR9211978
100 1 _aSousa, C.N.A. de
100 1 _aZanatta, A.C.A.
100 1 _aGomes, E.P.
100 1 _aMoreira, J.C.S.
100 1 _aRosa, O. de S.
111 1 _a15. Reuniao Nacional Nacional de Pesquisa de Trigo
_cPasso Fundo, RS (Brazil)
_d19-23 Sep 1988
245 1 _aCultivar trigo BR 23 uma nova opcao para o cultivo do trigo no sul do Brasil
500 _aResultados de pesquisa do Centro Nacional de Pesquisa de Trigo apresentados na 15. Reuniao Nacional de Pesquisa de Trigo Passo Fundo, RS (Brasil): 1988. p. 41-56 [Summary (Pt); 8 ref.] (BR9211978-AMS)
773 0 _tResultados de pesquisa do Centro Nacional de Pesquisa de Trigo apresentados na 15. Reuniao Nacional de Pesquisa de Trigo
_wF30 BR9211978
_gPasso Fundo, RS (Brasil), 1988. p. 41-56
650 _aTRIGO
650 _aVARIEDADE
650 _aCARACTERISTICAS AGRONOMICAS
650 _aREGIAO SUL
490 _aDocumentos - Centro Nacional de Pesquisa de Trigo (Brazil)
_vno. 12
_xISSN 0101-6644
942 _cAMS
_2AGRIS
909 _a202506
_bLúcia
_c55
_dLúcia Elande
999 _c336385
_d336385